00514nam a2200193 a 4500001001300000003000900013005001700022008004100039020001000080082001700090100002100107245004300128260004800171300000900219500003500228505001000263650002600273700002100299nice12345678IN_TiNIC20260116011454.0050524s1923 lona grp 000 0 eng  ac10000a297.24bOLE1 aO`Leary, De Lacy aShort History of the Fatimid Khalifate aLondonbKegna Paul Trench and Companyc1923 a267p aincludes index and biblioraphy2 aIndex aIslam History-Fatimid1 aO`Leary, De Lacy